دعوى اثبات الطلاق وتطبيقاتها فى المحاكم الشرعية الفلسطينية / (رقم التسجيلة. 13723)

تفاصيل مارك
000 -LEADER
fixed length control field 010900000a22002530004500
003 - CONTROL NUMBER IDENTIFIER
control field EG-GICUC
005 - DATE AND TIME OF LATEST TRANSACTION
control field 20250223025455.0
008 - FIXED-LENGTH DATA ELEMENTS--GENERAL INFORMATION
fixed length control field 080922s2003 ua f m 000 0 ara d
040 ## - CATALOGING SOURCE
Original cataloging agency EG-GICUC
Language of cataloging ara
Transcribing agency EG-GICUC
041 0# - LANGUAGE CODE
Language code of text/sound track or separate title Ara
049 ## - LOCAL HOLDINGS (OCLC)
Holding library اهداء
097 ## - Thesis Degree
Thesis Level ماجستير
099 ## - LOCAL FREE-TEXT CALL NUMBER (OCLC)
Classification number Cai01.04.07.M.Sc.2003.عط.د
100 0# - MAIN ENTRY--PERSONAL NAME
Personal name عطا محمد فايز عطا المحتسب
245 10 - TITLE STATEMENT
Title دعوى اثبات الطلاق وتطبيقاتها فى المحاكم الشرعية الفلسطينية /
Statement of responsibility, etc. عطا محمد فايز عطا المحتسب ؛ اشراف حسين مطاوع الترتورى
260 ## - PUBLICATION, DISTRIBUTION, ETC.
Place of publication, distribution, etc. فلسطين :
Name of publisher, distributor, etc. عطا محمد فايز عطا المحتسب :
Date of publication, distribution, etc. 2003
300 ## - PHYSICAL DESCRIPTION
Extent 502ورقة ؛
Dimensions 30سم
502 ## - DISSERTATION NOTE
Dissertation note اطروحة (ماجستير) - جامعة الخليل - كلية الدراسات العليا - قسم القضاء الشرعى
700 0# - ADDED ENTRY--PERSONAL NAME
Personal name حسين مطاوع الترتورى :
Relator term
856 ## - ELECTRONIC LOCATION AND ACCESS
Uniform Resource Identifier <a href="http://172.23.153.220/th.pdf">http://172.23.153.220/th.pdf</a>
905 ## - LOCAL DATA ELEMENT E, LDE (RLIN)
Cataloger Enas
Reviser Cataloger
905 ## - LOCAL DATA ELEMENT E, LDE (RLIN)
Cataloger Mustafa
Reviser Revisor
942 ## - ADDED ENTRY ELEMENTS (KOHA)
Source of classification or shelving scheme Dewey Decimal Classification
Koha item type Thesis
المقتنيات
Source of classification or shelving scheme Not for loan Home library Current library Date acquired Full call number Barcode Date last seen Koha item type
Dewey Decimal Classification   المكتبة المركزبة الجديدة - جامعة القاهرة قاعة الرسائل الجامعية - الدور الاول 11.02.2024 Cai01.04.07.M.Sc.2003.عط.د 01010100013576000 22.09.2023 Thesis
Cairo University Libraries Portal Implemented & Customized by: Eng. M. Mohamady Contacts: new-lib@cl.cu.edu.eg | cnul@cl.cu.edu.eg
CUCL logo CNUL logo
© All rights reserved — Cairo University Libraries
CUCL logo
Implemented & Customized by: Eng. M. Mohamady Contact: new-lib@cl.cu.edu.eg © All rights reserved — New Central Library
CNUL logo
Implemented & Customized by: Eng. M. Mohamady Contact: cnul@cl.cu.edu.eg © All rights reserved — Cairo National University Library